| 000 | 00908nam a2200277Ia 4500 | ||
|---|---|---|---|
| 001 | Para_603 | ||
| 003 | CHAP | ||
| 008 | 220125s2000 xx 000 0 und d | ||
| 010 | _a199363 | ||
| 040 | _cCHAP | ||
| 090 | _aPA TESIS 1510 | ||
| 100 |
_aZamora Ramos, Cecilio _9123531 |
||
| 245 |
_aManejo fitosanitario del cultivo del aguacate (Persea americana Miller) en el estado de Michoacán / _c por Cecilio Zamora Ramos |
||
| 260 |
_aChapingo, Méx. : _b el autor |
||
| 300 | _a87 h. | ||
| 502 | _aTesis (Ing. Agr. Esp. en Parasitología Agrícola) -- UACh. Departamento Parasitología Agrícola | ||
| 650 |
_aAguacate _x plagas _92543 |
||
| 710 |
_aUACh. Departamento Parasitología Agrícola _9164025 |
||
| 901 | _aPA TESIS 1510 | ||
| 902 | _aA | ||
| 905 | _a0000002000 an 0000000000 00 | ||
| 910 | _a2000 | ||
| 942 | _cPARA | ||
| 942 |
_cPARA _d1 |
||
| 999 |
_c199363 _d199363 |
||